Gulliver's Travels/ (Record no. 189543)

MARC details
000 -LEADER
fixed length control field 00590nam a22001697a 4500
005 - DATE AND TIME OF LATEST TRANSACTION
control field 20220811163411.0
010 ## - LCCN (DPL NO)
LC control number B-745302
020 ## - INTERNATIONAL STANDARD BOOK NUMBER
International Standard Book Number 9789389843767
Terms of availability 250.00
037 ## - SOURCE OF ACQUISITION
Source of stock number/acquisition Pharso Books(P) Ltd.
100 ## - MAIN ENTRY--PERSONAL NAME
Personal name Swift, Jonathan
245 ## - TITLE STATEMENT
Title Gulliver's Travels/
Statement of responsibility, etc Jonathan Swift
260 ## - PUBLICATION, DISTRIBUTION, ETC. (IMPRINT)
Place of publication, distribution, etc Delhi
Name of publisher, distributor, etc Pharso Books (p) Ltd.
Date of publication, distribution, etc 2020
270 ## - ADDRESS
Address Plot No-55 Min Mother Dairy Road Pandav Nagar
City Delhi
Postal code 110092
Telephone number 91 8447931000
Electronic mail address sales@pharosboks.in
300 ## - PHYSICAL DESCRIPTION
Extent 238p.
Dimensions 21cm(Pbk)
942 ## - ADDED ENTRY ELEMENTS (KOHA)
Source of classification or shelving scheme Dewey Decimal Classification
Item type English Books
Call number suffix SWI
Classification part S
Holdings
Withdrawn status Lost status Not for loan Collection code Home library Current library Date acquired Source of acquisition Cost, normal purchase price Full call number Barcode Copy number Cost, replacement price Koha item type Public note
      Fiction Kadipur Kadipur 11/08/2022 11.8.2022/ Gift 250.00 S SWI B-745302 1 250.00 English Books Gift

© Delhi Public Library
Hit Counter
free hit counter